000 01281nam a2200337 a 4500
001 000111023
003 CHAP
005 20220329144154.0
008 141125s2014 mx sm |||||||spa d
010 _a107485
011 _a108457
040 _cCHAP
090 _aTesis
100 1 _aMancilla Almaraz, Oyuki Guadalupe
_9128806
245 1 0 _aEstimación de pérdidas causadas por patógenos foliares en trigo (Triticum aestivum L.) de temporal en México
_h[En línea]
_cpor Oyuki Guadalupe Mancilla Almaraz.
260 _aChapingo, Méx. :
_bEl autor,
_c2014.
500 _aPara ver el contenido del material haga clic en la liga
502 _aTesis (Ing. Agr. Esp. en Parasitología Agrícola) -- UACH. Departamento de Parasitología Agrícola
590 _aE11695DGD
_b10
_c20141125
_lUCH01
_h1431
590 _aE5765TAJ
_b05
_c20141125
_lUCH01
_h1153
590 _aE5765TAJ
_b05
_c20141125
_lUCH01
_h1153
590 _aE5765TAJ
_b05
_c20141125
_lUCH01
_h1154
650 1 4 _aTrigo
_xEnfermedades por hongos.
_9115018
650 1 4 _aTrigo
_xGenética.
_9115030
650 1 4 _aTrigo
_xRendimiento.
_9115092
650 1 4 _aTrigo
_xVariedades.
_9115119
856 _aFinding aid
_uhttp://10.13.5.2/tesis/sist111023.pdf
_zTeclea aquí
901 _aBK
942 _cTESIS
942 _n0
999 _c107485
_d107485